Searching for success in judicial reform: voices from the Asia pacific experience (Record no. 413753)

000 -LEADER
fixed length control field 00457cam a22001337a 4500
008 - FIXED-LENGTH DATA ELEMENTS--GENERAL INFORMATION
fixed length control field 180718b2009 xxu||||| |||| 00| 0 eng d
020 ## - INTERNATIONAL STANDARD BOOK NUMBER
International Standard Book Number 0198060777
082 ## - DEWEY DECIMAL CLASSIFICATION NUMBER
Classification number Hx5 As42
245 ## - TITLE STATEMENT
Title Searching for success in judicial reform: voices from the Asia pacific experience
Statement of responsibility, etc. by Asia Pacific Judicial Reform Forum
260 ## - PUBLICATION, DISTRIBUTION, ETC.
Place of publication, distribution, etc. New Delhi
Name of publisher, distributor, etc. Oxford
Date of publication, distribution, etc. 2009
300 ## - PHYSICAL DESCRIPTION
Extent 330p.
650 ## - SUBJECT ADDED ENTRY--TOPICAL TERM
Topical term or geographic name entry element Judical Reform --Asia Pacific
700 ## - ADDED ENTRY--PERSONAL NAME
Personal name Asia Pacific Judicial Reform Forum
Holdings
Withdrawn status Lost status Damaged status Not for loan Permanent Location Current Location Date acquired Full call number Barcode Date last seen Price effective from Koha item type
        Indian Institute of Public Administration Indian Institute of Public Administration 2009-03-12 Hx5 As42 82906 2018-07-21 2018-07-21 Book

Powered by Koha